Statistics for Codeword Puzzle #7 - Map Quiz

Click here to take the quiz!

General Stats

  • This quiz has been taken 71 times
  • The average score is 21 of 26

Answer Stats

Answer % Correct
R
95%
I
92%
S
89%
A
89%
E
89%
C
86%
M
86%
K
81%
X
81%
F
81%
U
81%
D
78%
Q
78%
J
78%
O
78%
L
78%
B
78%
G
78%
Z
76%
V
76%
N
76%
P
76%
T
76%
H
76%
W
73%
Y
73%

Score Distribution

Percentile by Number Answered

Percent of People with Each Score

Your Score History

You have not taken this quiz